Modelování v sociálním systému řízení podniku
Gespeichert in:
| 1. Verfasser: | |
|---|---|
| Weitere Verfasser: | |
| Format: | Buch |
| Sprache: | Tschechisch |
| Veröffentlicht: |
Praha
Výzkumný ústav strojírenské technologie a ekonomiky
1980
|
| Schriftenreihe: | Knižnice VUSTE
sv. 161 |
| Tags: |
Keine Tags, Fügen Sie das erste Tag hinzu!
|
MARC
| LEADER | 00000nam a2200000 4500 | ||
|---|---|---|---|
| 001 | c139773 | ||
| 005 | 20041019155316.9 | ||
| 041 | 0 | |a cze | |
| 044 | |a CZ | ||
| 245 | 1 | 0 | |a Modelování v sociálním systému řízení podniku |c Antonín Fišer, Vladimír Procházka |
| 264 | 1 | |a Praha |b Výzkumný ústav strojírenské technologie a ekonomiky |c 1980 | |
| 300 | |a 152 s. | ||
| 490 | 1 | |a Knižnice VUSTE |v sv. 161 | |
| 830 | 0 | |a Knižnice VUSTE |v sv. 161 | |
| 100 | 1 | |a Fišer, Antonín | |
| 700 | 1 | |a Procházka, Vladimír | |